Ilakiyathil Manitha urimai cinthanaikal (Record no. 194412)

MARC details
000 -LEADER
fixed length control field 00463nam a2200193Ia 4500
008 - FIXED-LENGTH DATA ELEMENTS--GENERAL INFORMATION
fixed length control field 240823s9999||||xx |||||||||||||| ||und||
020 ## - INTERNATIONAL STANDARD BOOK NUMBER
International Standard Book Number 978-81-907120-5-7
082 ## - DEWEY DECIMAL CLASSIFICATION NUMBER
-- 808.80353 P8
100 ## - MAIN ENTRY--PERSONAL NAME
Personal name Aanatharavisasthiri K A
245 #0 - TITLE STATEMENT
Title Ilakiyathil Manitha urimai cinthanaikal
250 ## - EDITION STATEMENT
Edition statement 1st
260 ## - PUBLICATION, DISTRIBUTION, ETC. (IMPRINT)
Date of publication, distribution, etc 2008
Name of publisher, distributor, etc Nal
500 ## - GENERAL NOTE
General note YES
650 ## - SUBJECT ADDED ENTRY--TOPICAL TERM
Topical term or geographic name as entry element Tamil Book
942 ## - ADDED ENTRY ELEMENTS (KOHA)
Item type Books
Holdings
Withdrawn status Lost status Damaged status Permanent location Current location Date acquired Source of acquisition Cost, normal purchase price Full call number Barcode Date last seen Koha item type
      CENTRAL LIBRARY, NOORUL ISLAM CENTRE FOR HIGHER EDUCATION CENTRAL LIBRARY, NOORUL ISLAM CENTRE FOR HIGHER EDUCATION 01/24/2013 Tamil Nadu Book House 65.00 808.80353 P8 46233 08/23/2024 Books
Visitors:
Copyright © 2024 Central Library NICHE.  All rights reserved.